000
00310nam a2200133Ia 4500
008
260604s9999 xx 000 0 und d
020
_a
9780143418658
082
_a
823.92 MUR
100
_a
Sudha murty
245
0
_a
The Day I Stopped Drinking Milk
260
_b
Penguin
500
_a
Sudha murty
942
_c
BK
999
_c
8732
_d
8732